000 00471 a2200181 4500
005 20260210111559.0
008 260209b |||||||| |||| 00| 0 eng d
020 _a9789391952037
_cRs. 1500.00
040 _aMAIN
082 _a701.0954
_bJ78A
100 _aJoshi, Shekhar Chandra
245 _aArt and communication of India
260 _bPathak Publisher
_c2022
_aNew Delhi
300 _axii, 267
650 _aVisual Art
650 _aArts-India
942 _cBK
999 _c394784
_d394784